000 00723nam a2200241 i 4500
001 bg
100 1 _aLANGER, Maria
245 1 0 _aPo prostu Excel 2000 PL /
_cMaria Langer ; [tł. z ang. Marek Suczyk].
246 _iTyt. oryg.:
_aExcel 2000 for Windows Visual Quicstart guide
260 _aGliwice :
_b"Helion",
_ccop. 2000.
300 _a248 s. :
_brys. ;
_c24 cm.
500 _aOryg. : "Excel 2000 for Windows Visual Quicstart guide".
504 _aIndeks.
630 0 9 _aExcel for Windows
655 _aPodręczniki
020 _a8371972385
040 _cBPK
041 1 _apol
_heng
080 _a004.42Excel:004.514.6
920 _a83-7197-238-5
942 _cKS
008 s pl f |000 0 pol
999 _c53510
_d53510
856 _uhttp://koha.tu.koszalin.pl/cgi-bin/koha/opac-detail.pl?biblionumber=53510
_yKatalog online BPK